000 00856nam a2200277 a 4500
001 14986
003 BD-RjUL
005 20211208235729.0
008 140209r19841974i a b 001 0 eng
020 _a0852264526 (v. 2)
035 _a(BD-RjUL)15040
040 _aDLC
_cDLC
_dDLC
_dBD-RjUL
_beng
041 _aeng
082 0 0 _a621.402
_bKAI 1984
100 1 _aKadambi, V.
_944375
245 1 3 _aAn introduction to energy conversion /
_cby V. Kadambi and Manohar Prasad.
260 _aNew Delhi :
_bWiley,
_cc1974 [Printing 1984].
300 _a312 p. :
_billus. ;
_c23 cm.
504 _aIncludes bibliographical references.
505 0 _aVol.2. Energy conversion cycles --
650 0 _aPower (Mechanics)
_915537
650 0 _aThermodynamics.
_946643
700 0 _aPrasad Manohar,
_ejoint author.
_945526
942 _2ddc
_cBK
999 _c14986
_d14986